Statistics for EUMED Group

Click here to take the quiz!

General Stats

  • This quiz has been taken 7 times
  • The average score is 8 of 9

Answer Stats

Answer% Correct
Croatia
100%
France
100%
Greece
100%
Italy
100%
Slovenia
100%
Spain
100%
Malta
83%
Portugal
83%
Cyprus
67%

Score Distribution

Percentile by Number Answered

Percent of People with Each Score

Your Score History

You have not taken this quiz